| 000 | 00786nam a2200241 a 4500 | ||
|---|---|---|---|
| 001 | BRCA_4430 | ||
| 005 | 20190320204652.0 | ||
| 008 | 200810s1959----enka######---#000-0#eng-# | ||
| 041 | _aeng | ||
| 044 | _aenk | ||
| 050 | 4 |
_aN8670 _b.A78 4 1959 |
|
| 245 | 1 | 0 |
_aArt-Price Annual _b1958-1959 : volume XIV. |
| 260 |
_aLondres _bArt & Technology _c1959 |
||
| 300 |
_a536 p. (v.14) _bil. _c21 cm. |
||
| 500 | _aIncluye abreviaturas de los autores de la obra, listas y bibliografía | ||
| 500 | _aNueva serie: 1 julio, 1958 - 30 junio, 1959 | ||
| 500 | _aVer también AM44 (v.17: 1961-1962), DD30 (v.15: 1959-1960) y U74 (v.10: 1954-1955) | ||
| 500 | _aX87 | ||
| 650 | 1 | 4 |
_aArte _vPrecios _zLondres _910910 |
| 650 | 1 | 4 |
_aArte _vCatálogos _zLondres _911243 |
| 902 | _aGFM | ||
| 942 |
_2lcc _cB |
||
| 999 |
_c4139 _d4139 |
||